000 00343nam a2200133Ia 4500
008 191201s2004 xx 000 0 und d
100 _aDESAI, P S
245 0 _aModern Refrigeration And Airconditioning For Engineers
250 _a1st
260 _aN.Delhi
_bKhanna Publisher
_c2004
300 _a688
650 _aB.Tech(ME)
942 _2ddc
_cBK
999 _c1887
_d1887